| Tag |
First Indicator |
Second Indicator |
Subfields |
| LEADER |
00000cem a2200000Ia 4500 |
| 001 |
in00001575889 |
| 005 |
20151022100846.0 |
| 007 |
aj canzn |
| 008 |
781219s1974 vauck bd a f 0 eng d |
| 034 |
1 |
|
|a a
|b 5000000
|d E0900000
|e E1480000
|f N0120000
|g S0160000
|
| 035 |
|
|
|a (OCoLC)ocm04472971
|
| 035 |
|
|
|a (OCoLC)4472971
|
| 040 |
|
|
|a COO
|c COO
|d NMT
|d OCL
|d COP
|d OCLCG
|d STF
|d ZWZ
|d UtOrBLW
|
| 043 |
|
|
|a a-io---
|
| 045 |
|
|
|a x7x7
|
| 049 |
|
|
|a TXAM
|
| 050 |
1 |
4 |
|a G8071.C7 1974
|b .H3
|
| 052 |
|
|
|a 8071
|
| 074 |
|
|
|a 0619-G-08
|
| 086 |
0 |
|
|a I 19.91:I-875-B
|
| 100 |
1 |
|
|a Hamilton, Warren Bell,
|d 1925-
|
| 245 |
1 |
0 |
|a Map of sedimentary basins of the Indonesian region /
|c by Warren Hamilton ; Department of the Interior, United States Geological Survey ; prepared on behalf of the Ministry of Mines, Government of Indonesia, and the Agency for International Development, U.S. Dept. of State in cooperation with the Geological Survey of Indonesia.
|
| 255 |
|
|
|a Scale 1:5,000,000 ;
|b Mercator proj.
|c (E 90⁰--E 148⁰/N 12⁰--S 16⁰).
|
| 264 |
|
1 |
|a Reston, Va. :
|b U.S. Geological Survey,
|c 1974.
|
| 300 |
|
|
|a 1 map :
|b color ;
|c 62 x 100 cm., folded in envelope 30 x 24 cm.
|
| 336 |
|
|
|a cartographic image
|b cri
|2 rdacontent
|
| 337 |
|
|
|a unmediated
|b n
|2 rdamedia
|
| 338 |
|
|
|a sheet
|b nb
|2 rdacarrier
|
| 490 |
1 |
|
|a Miscellaneous investigations series ;
|v map I-875-B
|
| 490 |
1 |
|
|a Folio of the Indonesian region
|
| 500 |
|
|
|a Depth shown by gradient tints and isolines.
|
| 500 |
|
|
|a "Bathymetric contours, contour interval 1000 meters, with 200 meter contour added."
|
| 500 |
|
|
|a Includes text.
|
| 500 |
|
|
|a Bathymetric contours, contour interval 1000 meters, with 200 meter contour added.
|
| 504 |
|
|
|a Includes bibliographical references.
|
| 500 |
|
|
|a Cartographic material.
|
| 650 |
|
0 |
|a Sediments (Geology)
|z Indonesia
|v Maps.
|
| 650 |
|
7 |
|a Sédiments (géologie)
|z Indonésie
|x Cartes.
|2 ram
|
| 650 |
|
7 |
|a Bassins sédimentaires
|z Indonésie
|x Cartes.
|2 ram
|
| 651 |
|
7 |
|a Indonésie
|x Cartes.
|2 ram
|
| 710 |
2 |
|
|a Geological Survey (U.S.)
|
| 710 |
1 |
|
|a Indonesia.
|b Direktorat Geologi.
|
| 830 |
|
0 |
|a Miscellaneous investigations series (Geological Survey (U.S.)) ;
|v map I-875-B.
|
| 830 |
|
0 |
|a Folio of the Indonesian region.
|
| 948 |
|
|
|a cataloged
|b h
|c 2000/12/15
|d c
|e jgreene
|f 12:06:59 pm
|
| 994 |
|
|
|a C0
|b TXA
|
| 948 |
|
|
|a cataloged
|b h
|c 2010/06/08
|e rharris
|f 02:47:18 pm
|
| 999 |
|
|
|a MARS
|
| 999 |
f |
f |
|s 792debe2-019b-3d0a-8caf-90a3f1906c74
|i d472765d-698a-3e74-bfd3-c9495f5daaf6
|t 0
|
| 952 |
f |
f |
|p normal
|a Texas A&M University
|b College Station
|c Sterling C. Evans Library
|d Evans: Maps File (2nd floor)
|t 0
|e I 19.91:I-875-B
|h Superintendent of Documents classification
|i unmediated -- sheet
|m A14827050405
|
| 998 |
f |
f |
|a I 19.91:I-875-B
|t 0
|l Evans: Maps File (2nd floor)
|